<?xml version="1.0" encoding="UTF-8"?>
<record
    xmlns:xsi="http://www.w3.org/2001/XMLSchema-instance"
    xsi:schemaLocation="http://www.loc.gov/MARC21/slim http://www.loc.gov/standards/marcxml/schema/MARC21slim.xsd"
    xmlns="http://www.loc.gov/MARC21/slim">

  <leader>00442    a2200121   4500</leader>
  <controlfield tag="001">ART_26505</controlfield>
  <controlfield tag="005">20260410161940.0</controlfield>
  <controlfield tag="008">260409a                                 </controlfield>
  <datafield tag="245" ind1="1" ind2="0">
    <subfield code="a">La privatizaci&#xF3;n de SOMISA y su impacto en la producci&#xF3;n y el empleo en San Nicol&#xE1;s</subfield>
  </datafield>
  <datafield tag="100" ind1="1" ind2=" ">
    <subfield code="a">Rofman, Alejandro B.</subfield>
  </datafield>
  <datafield tag="700" ind1="1" ind2=" ">
    <subfield code="a">Pe&#xF1;alva, Susana</subfield>
  </datafield>
  <datafield tag="773" ind1="0" ind2=" ">
    <subfield code="t">Ciclos en la historia, la econom&#xED;a y la sociedad</subfield>
    <subfield code="g">- Vol. V, N&#xBA; 8 (ene./jun. 1995)</subfield>
    <subfield code="w">REV26321</subfield>
  </datafield>
  <datafield tag="999" ind1=" " ind2=" ">
    <subfield code="c">29408</subfield>
    <subfield code="d">29408</subfield>
  </datafield>
</record>
